00467nam a2200193Ia 4500008004100000020001800041050001400059100002400073245003800097245002400135260001500159260001600174260000900190300001500199300002700214300001000241440001400251500000800265170918s9999 xx 000 0 und d a9780439672405 bD754 2004 aDoyle, Arthur Conan 4aThe mystery of the spotted band / cArthur Conan Doyle. aNew York : bScholastic, c2004 a16 pages : bcolored illustration ; c20cm. aRead 180. a230